000 00430pab a2200157 454500
008 180718b2001 xxu||||| |||| 00| 0 eng d
100 _aSadanandan, Rajeev
245 _aGovernment health services in Kerala: who benefits?
260 _c2001
300 _ap.3071-077
362 _a11 Aug
650 _aHealth services - India - Kerala
650 _aHealth services
773 _aEconomic and Political Weekly
909 _a49631
999 _c49631
_d49631